01457nam a2200337 a 4500001001000000003000500010005001700015008004100032010001100073011001100084040000900095090001000104100004600114245018400160260005300344500006000397502010400457590004100561590004000602590004000642590004000682650004600722650005000768650005800818856007000876901000700946942001000953942000600963999001900969952013100988000115332CHAP20220329144530.0190509s2018 mx a |sm |||||||spa d a111793 a112765 cCHAP aTesis1 aValdivia Cabral, Juanita Japheth.913555113aEl conflicto socioambiental en el valle de Mazapil, Zacatecas, a partir del establecimiento de la minera peñasquito 2006-2016h[En línea]cpor Juanita Japheth Valdivia Cabral. aZacatecas, Zacatecas; Méx. :bEl autor,c2018. aPara ver el contenido del material haga clic en la liga aTesis (M.C. en Desarrollo Rural Regional) -- UACH. Dirección de Centros Regionales Universitarios aE11695DGDb10c20190513lUCH01h1246 aE6339RRRb05c20190509lUCH01h1125 aE6339RRRb05c20190509lUCH01h1125 aE6339RRRb05c20190509lUCH01h114414aIndustria mineraxImpacto social.913152414aOrganización de la comunidad rural.913450314aRecursos naturalesxConservaciónzZacatecas.995271 aFinding aiduhttp://10.13.5.2/tesis/sist115332.pdfzTeclea aquí aBK cTESIS n0 c111793d111793 00104054718TESISaBCbBCd2019-05-09fTESISl0oTesisp115340-10r2019-12-31 00:00:00w2019-12-31yTESISzRecien adquirido